000 00300nam a2200121Ia 4500
008 140130s9999 xx 000 0 und d
245 _cAbott, Tony
_aThe fortress of the treasure queen
260 _bScholastic,
_c2004
440 _v1
521 _aGrade 3 - Grade 4
942 _cBK
999 _c40875
_d40875